000 01027nas a2200337 4500
001 BR2012008096
003 BR-BrBNA
005 20231205121544.0
007 ta
008 230509b bl.|||p| |||| 00| 00por d
040 _aBR-BrBNA
_bpor
_cBiblioteca Nacional de Agricultura
041 _a(Pt)
072 _aA01; H10
100 1 _aLeite, G.L.D.
100 1 _aPicanço, M.
100 1 _aAzevedo, A.A.
100 1 _aSilva, D.J.H. da
245 1 _aIntensidade de ataque de FRANKLINIELLA SCHULTZEI e MYZUS PERICAE em três introduções de LYCOPERSICN PERUVIANUM
650 _aAGRICULTURA
650 _aTOMATE
650 _aDEFESA VEGETAL
650 _aPRAGA
650 _aVETOR
650 _aCONTAMINAÇÃO
650 _aVÍRUS
650 _aDOENÇA DE PLANTA
650 _aCONTROLE BIOLÓGICO
773 0 _tRevista Universidade Rural.Série Ciências da Vida (Brazil)
_xISSN 0104-7264
_g(Dec 1997), v. 19(1-2) p. 27-35
_wBR2012008096
909 _a202311
_bLúcia
_c55
_dLúcia Elande
942 _2AGRIS
_n0
_cANA
999 _c224107
_d224107